MARC details
| 000 -LEADER |
| fixed length control field |
01817nam a2200397 a 4500 |
| 001 - CONTROL NUMBER |
| control field |
vtls000196150 |
| 003 - CONTROL NUMBER IDENTIFIER |
| control field |
NLI |
| 005 - DATE AND TIME OF LATEST TRANSACTION |
| control field |
20210602113030.0 |
| 008 - FIXED-LENGTH DATA ELEMENTS--GENERAL INFORMATION |
| fixed length control field |
101125s1974 miua 001 0 eng |
| 020 ## - INTERNATIONAL STANDARD BOOK NUMBER |
| International Standard Book Number |
0250400383 : |
| Terms of availability |
USD 12.50 |
| 039 #9 - LEVEL OF BIBLIOGRAPHIC CONTROL AND CODING DETAIL [OBSOLETE] |
| -- |
201011252323 |
| -- |
VLOAD |
| 040 0# - CATALOGING SOURCE |
| Original cataloging agency |
NLI |
| Language of cataloging |
eng |
| Transcribing agency |
Datasoft 1 |
| Description conventions |
AACR2 |
| 041 0# - LANGUAGE CODE |
| Language code of text/sound track or separate title |
eng |
| 044 ## - COUNTRY OF PUBLISHING/PRODUCING ENTITY CODE |
| MARC country code |
miu |
| 082 04 - DEWEY DECIMAL CLASSIFICATION NUMBER |
| Classification number |
333.910973 |
| 245 00 - TITLE STATEMENT |
| Title |
Water and community development : |
| Remainder of title |
social and economic perspectives / |
| Statement of responsibility, etc. |
edited by Donald R. Field, James C. Barron [and] Burl F. Long |
| 260 ## - PUBLICATION, DISTRIBUTION, ETC. |
| Place of publication, distribution, etc. |
Ann Arbor, Mich. : |
| Name of publisher, distributor, etc. |
Ann Arbor Science Publishers, |
| Date of publication, distribution, etc. |
1974 |
| 300 ## - PHYSICAL DESCRIPTION |
| Extent |
viii, 302 p. : |
| Other physical details |
ill. ; |
| Dimensions |
24 cm. |
| 440 #0 - SERIES STATEMENT/ADDED ENTRY--TITLE |
| Title |
Man, his community and natural resources |
| 9 (RLIN) |
313164 |
| 500 ## - GENERAL NOTE |
| General note |
Papers from a conference sponsored by the State of Washington Water Research Center, the Dept. of Agricultural Economics, Washington State University, and the College of Forest Resources, University of Washington |
| 504 ## - BIBLIOGRAPHY, ETC. NOTE |
| Bibliography, etc. note |
Includes bibliographical references and index |
| 650 #0 - SUBJECT ADDED ENTRY--TOPICAL TERM |
| Topical term or geographic name entry element |
Water resources development |
| Geographic subdivision |
United States |
| 9 (RLIN) |
138780 |
| 650 #0 - SUBJECT ADDED ENTRY--TOPICAL TERM |
| Topical term or geographic name entry element |
Community development |
| Geographic subdivision |
United States |
| 9 (RLIN) |
87084 |
| 700 1# - ADDED ENTRY--PERSONAL NAME |
| Personal name |
Field, Donald R., |
| Relationship |
edt |
| 9 (RLIN) |
307475 |
| 700 1# - ADDED ENTRY--PERSONAL NAME |
| Personal name |
Barron, James C., |
| Relationship |
edt |
| 9 (RLIN) |
374440 |
| 700 1# - ADDED ENTRY--PERSONAL NAME |
| Personal name |
Long, Burl F., |
| Relationship |
edt |
| 9 (RLIN) |
374441 |
| 710 2# - ADDED ENTRY--CORPORATE NAME |
| Corporate name or jurisdiction name as entry element |
State of Washington Water Research Center |
| 9 (RLIN) |
374442 |
| 710 2# - ADDED ENTRY--CORPORATE NAME |
| Corporate name or jurisdiction name as entry element |
Washington State University. |
| Subordinate unit |
Department of Agricultural Economics |
| 9 (RLIN) |
374443 |
| 710 2# - ADDED ENTRY--CORPORATE NAME |
| Corporate name or jurisdiction name as entry element |
University of Washington. |
| Subordinate unit |
College of Forest Resources |
| 9 (RLIN) |
374444 |
| 887 ## - NON-MARC INFORMATION FIELD |
| Content of non-MARC field |
|
| 901 ## - LOCAL DATA ELEMENT A, LDA (RLIN) |
| a |
428257 |
| b |
06.10.1976 |
| 902 ## - LOCAL DATA ELEMENT B, LDB (RLIN) |
| a |
E 333.910973 F 454 |
| 942 ## - ADDED ENTRY ELEMENTS (KOHA) |
| Source of classification or shelving scheme |
Dewey Decimal Classification |
| Koha item type |
Books |
| 949 ## - LOCAL PROCESSING INFORMATION (OCLC) |
| -- |
VIRTUAITEM |
| -- |
10000 |
| -- |
100 |
| 6 |
PUR000428257ENG |